Už Jefferson povedal, že večná ostražitosť je cenou slobody
Rozhovor s Miltonom Friedmanom najvýznamnejším ekonómom 20. storočia, ktorý sa stal zakladateľom tzv. Chicagskej školy mysliteľov, ktorý zdôrazňoval samouzdravovacie schopnosti trhu. Hovorí o finančných škandáloch v USA, víťaznom ťažení liberalizmu a hospodárskych problémoch Nemecka.
Guardado en:
| Autor principal: | |
|---|---|
| Formato: | Capítulo de libro |
| Lenguaje: | eslovaco |
| Materias: | |
| Etiquetas: |
Sin Etiquetas, Sea el primero en etiquetar este registro!
|
MARC
| LEADER | 00000naa a2200000 4500 | ||
|---|---|---|---|
| 001 | r045843 | ||
| 005 | 20230925130131.1 | ||
| 041 | 0 | |a slo | |
| 044 | |a SK | ||
| 245 | 1 | 0 | |a Už Jefferson povedal, že večná ostražitosť je cenou slobody |c Branislav Adamovič |
| 520 | |a Rozhovor s Miltonom Friedmanom najvýznamnejším ekonómom 20. storočia, ktorý sa stal zakladateľom tzv. Chicagskej školy mysliteľov, ktorý zdôrazňoval samouzdravovacie schopnosti trhu. Hovorí o finančných škandáloch v USA, víťaznom ťažení liberalizmu a hospodárskych problémoch Nemecka. | ||
| 610 | 2 | 0 | |a myslenie ekonomické |
| 610 | 2 | 0 | |a teórie ekonomické |
| 610 | 2 | 0 | |a liberalizmus |
| 610 | 2 | 0 | |a kríza hospodárska |
| 610 | 2 | 0 | |a kríza politická |
| 610 | 2 | 0 | |a USA |
| 610 | 2 | 0 | |a Nemecko |
| 100 | 1 | |a Adamovič, Branislav | |